Iraq-Technical Assistance Report-Customs Valuation, Rules of Origin and Tariff Classification of Goods.

This report summarizes key findings and recommendations from a remote technical assistance (TA) assignment performed by a short-term expert (STX), Mr. Djamel Bouhabel, from January 17 to February 4, 2021, to the General Customs Authority of Iraq (GCA). The main objective of the TA was to advise GCA...

Descrizione completa

Dettagli Bibliografici
Ente Autore: International Monetary Fund. Fiscal Affairs Dept
Natura: Periodico
Lingua:English
Pubblicazione: Washington, D.C. : International Monetary Fund, 2021.
Serie:IMF Staff Country Reports; Country Report ; No. 2021/158
Soggetti:
Accesso online:Full text available on IMF
LEADER 01731cas a2200301 a 4500
001 AALejournalIMF021886
008 230101c9999 xx r poo 0 0eng d
020 |c 5.00 USD 
020 |z 9781513587141 
022 |a 1934-7685 
040 |a BD-DhAAL  |c BD-DhAAL 
110 2 |a International Monetary Fund.  |b Fiscal Affairs Dept. 
245 1 0 |a Iraq-Technical Assistance Report-Customs Valuation, Rules of Origin and Tariff Classification of Goods. 
264 1 |a Washington, D.C. :  |b International Monetary Fund,  |c 2021. 
300 |a 1 online resource (24 pages) 
490 1 |a IMF Staff Country Reports 
500 |a <strong>Off-Campus Access:</strong> No User ID or Password Required 
500 |a <strong>On-Campus Access:</strong> No User ID or Password Required 
506 |a Electronic access restricted to authorized BRAC University faculty, staff and students 
520 3 |a This report summarizes key findings and recommendations from a remote technical assistance (TA) assignment performed by a short-term expert (STX), Mr. Djamel Bouhabel, from January 17 to February 4, 2021, to the General Customs Authority of Iraq (GCA). The main objective of the TA was to advise GCA on the development and effective application of customs assessment processes based on international standards and best practices. 
538 |a Mode of access: Internet 
650 7 |a International Agreements  |2 imf 
650 7 |a International Organizations  |2 imf 
650 7 |a Monetary Policy  |2 imf 
650 7 |a Observance  |2 imf 
651 7 |a Iraq  |2 imf 
830 0 |a IMF Staff Country Reports; Country Report ;  |v No. 2021/158 
856 4 0 |z Full text available on IMF  |u http://elibrary.imf.org/view/journals/002/2021/158/002.2021.issue-158-en.xml  |z IMF e-Library